Essentials of genetics / (Record no. 52464)

MARC details
000 -LEADER
fixed length control field 00651nam a2200253Ia 4500
005 - DATE AND TIME OF LATEST TRANSACTION
control field 20260429112124.0
008 - FIXED-LENGTH DATA ELEMENTS--GENERAL INFORMATION
fixed length control field 260429s9999||||xx |||||||||||||| ||und||
020 ## - INTERNATIONAL STANDARD BOOK NUMBER
International Standard Book Number 9789371369107
041 ## - LANGUAGE CODE
Language English
082 ## - DEWEY DECIMAL CLASSIFICATION NUMBER
Classification number 576.5
Item number KLU
100 ## - MAIN ENTRY--PERSONAL NAME
Personal name Klug, William S.
245 #0 - TITLE STATEMENT
Title Essentials of genetics /
Statement of responsibility, etc William S. Klug
250 ## - EDITION STATEMENT
Edition statement 10th ed.
260 ## - PUBLICATION, DISTRIBUTION, ETC. (IMPRINT)
Place of publication, distribution, etc Noida :
Name of publisher, distributor, etc Pearson,
Date of publication, distribution, etc 2026.
300 ## - PHYSICAL DESCRIPTION
Extent 600 p.; pbk
650 ## - SUBJECT ADDED ENTRY--TOPICAL TERM
Topical term or geographic name as entry element Mendelian
650 ## - SUBJECT ADDED ENTRY--TOPICAL TERM
Topical term or geographic name as entry element Mitosis
650 ## - SUBJECT ADDED ENTRY--TOPICAL TERM
Topical term or geographic name as entry element Genetics
700 ## - ADDED ENTRY--PERSONAL NAME
Personal name Cummings, Michael R.
700 ## - ADDED ENTRY--PERSONAL NAME
Personal name Killian, Darrell J.
700 ## - ADDED ENTRY--PERSONAL NAME
Personal name Palladino, Michael A.
700 ## - ADDED ENTRY--PERSONAL NAME
Personal name Spencer, Charlotte
942 ## - ADDED ENTRY ELEMENTS (KOHA)
Koha item type Text Books
Holdings
Withdrawn status Lost status Damaged status Not for loan Collection code Home library Location Shelving location Date of Cataloging Source of acquisition Total Checkouts Full call number Barcode Date last seen Price effective from Koha item type
        Non-fiction CUTN Central Library CUTN Central Library Sciences 29/04/2026 TBH Library Book Suppliers, Chennai - Invoice No. SINV00732 on 09-02-2026   576.5 KLU 57545 29/04/2026 29/04/2026 Text Books